000 00455nam a2200181Ia 4500
001 3890
005 20260306145716.0
008 260306t2014||||xx |||||||||||||| ||spa||
041 _aESP
082 _a305.3
_bC17
100 _aCalvo Charro, María
_eAUT
245 0 _aAlteridad sexual:
_brazones frente a la ideología de género
260 _c2014
300 _a173 páginas :
_c21 cm.
650 _aGEN
654 _aCHU
942 _cLIB
_dJUS
_fJUS
_2ddc
_n
999 _c3890
_d3890